| 000 | 00917cam a2200193 4500 | ||
|---|---|---|---|
| 001 | WB3918-08 | ||
| 008 | 030512n2003 000 0 eng u | ||
| 035 | _a(Sirsi) u122241 | ||
| 245 | _aOff to a flying start | ||
| 260 | _c2003 | ||
| 490 |
_aDEFRA News Release _v(168/03) 12 May 2003 (3) |
||
| 520 | _aDEFRA results confirm the success of the UK Emissions Trading Scheme with nearly 1 000 companies transferring over seven million tonnes of carbon dioxide in its first year. The scheme was launched in April 2002 to help businesses reduce greenhouse gas emissions in an economically efficient way. DEFRA results at www.defra.gov.uk/environment/climatechange/trading/index.htm www.defra.gov.uk/news/2003/030512a.htm | ||
| 590 | _aWB | ||
| 650 | _aGREENHOUSE GASES | ||
| 650 | _aCARBON DIOXIDE EMISSIONS | ||
| 650 | _aUK EMISSIONS TRADING SCHEME | ||
| 690 | _aENVIRONMENTAL AND LAND CONSULTANCY | ||
| 942 | _n0 | ||
| 999 |
_c72650 _d72650 |
||